Stadtteile Deutschlands A-Z - Statistiken

Allgemein
  • Dieses Quiz wurde 13 mal gespielt
  • Das Durchschnittsergebnis liegt bei 13 aus 26
Antwortstatistiken
Stadtteil Stadt % Korrekt
A Altona Hamburg
100%
S Schalke Gelsenkirchen
92%
G Giesing München
92%
R Reinickendorf Berlin
83%
B Babelsberg Potsdam
83%
M Meiderich Duisburg
75%
C Connewitz Leipzig
75%
U Uerdingen Krefeld
67%
Z Zuffenhausen Stuttgart
67%
D Durlach Karlsruhe
58%
N Nippes Köln
58%
V Vegesack Bremen
50%
O Oggersheim Ludwigshafen am Rhein
50%
L Laatzen Hannover
42%
F Fallersleben Wolfsburg
42%
P Pillnitz Dresden
33%
K Kettwig Essen
33%
E Elberfeld Wuppertal
33%
J Jöllenbeck Bielefeld
25%
H Hörde Dortmund
25%
W Wanne Herne
25%
Q Querenburg Bochum
17%
T Tannenbusch Bonn
17%
I Itter Düsseldorf
17%
Y York-Quartier Münster
17%
X Xyger Altomünster
8%
Keine übereinstimmenden Quizze gefunden
Verteilung der Resultate
Anzahl Personen mit jedem Resultat
Perzentil nach korrekt beantworteten Fragen
Ihre Resultats-Entwicklung
Sie haben dieses Quiz noch nicht gespielt